| 000 | 00473nam a22001697a 4500 | ||
|---|---|---|---|
| 005 | 20240612150115.0 | ||
| 008 | 240612b |||||||| |||| 00| 0 eng d | ||
| 020 | _a9781292061177 | ||
| 082 |
_a004.6 _bCOM-C |
||
| 100 | _aComer, Douglas E. | ||
| 245 |
_aComputer networks & internet / _cDouglas E.Comer |
||
| 260 |
_aUSA: _bPearson; _c2015. |
||
| 300 |
_axiv, 645 p. : _bill; _c23 cm. |
||
| 500 | _ainclude index. | ||
| 650 | _acomputer science-Networking | ||
| 999 |
_c35909 _d35909 |
||